| 000 | 00640nam a2200109Ia 4500 | ||
|---|---|---|---|
| 008 | 220615s9999||||xx |||||||||||||| ||und|| | ||
| 245 | 0 |
_aGuidebook to Carbon Neutrality in China _bMacro and Industry Trends under New Constraints |
|
| 546 | _aEnglish[eng] | ||
| 650 | _aChina Carbon Neutral||Carbon Price and Carbon Market||Green transformation of Industry||Green Investment||Clean Energy||Green Technology||International Carbon Cooperation||Green Financial Tools||Economic Growth and Carbon Neutral||Sustainable Development||Open Access | ||
| 856 | _uhttps://library.oapen.org/bitstream/20.500.12657/53381/1/978-981-16-9024-2.pdf | ||
| 942 | _cEB | ||
| 999 |
_c15809 _d15809 |
||